Hacking web intelligence : (Record no. 295580)
[ view plain ]
| 000 -LEADER | |
|---|---|
| fixed length control field | 00879cam a22002655i 4500 |
| 001 - CONTROL NUMBER | |
| control field | 18494441 |
| 003 - CONTROL NUMBER IDENTIFIER | |
| control field | SISC |
| 005 - DATE AND TIME OF LATEST TRANSACTION | |
| control field | 20160602152500.0 |
| 008 - FIXED-LENGTH DATA ELEMENTS--GENERAL INFORMATION | |
| fixed length control field | 150213s2015 mau 000 0 eng |
| 010 ## - LIBRARY OF CONGRESS CONTROL NUMBER | |
| LC control number | 2015933572 |
| 020 ## - INTERNATIONAL STANDARD BOOK NUMBER | |
| International Standard Book Number | 9780128018675 |
| 040 ## - CATALOGING SOURCE | |
| Original cataloging agency | DLC |
| Language of cataloging | eng |
| Description conventions | rda |
| Transcribing agency | DLC |
| 042 ## - AUTHENTICATION CODE | |
| Authentication code | pcc |
| 050 ## - LIBRARY OF CONGRESS CALL NUMBER | |
| Classification number | TK 5105.59 |
| Item number | .C496 2015 |
| 100 1# - MAIN ENTRY--PERSONAL NAME | |
| Personal name | Chauhan, Sudhanshu. |
| 245 10 - TITLE STATEMENT | |
| Title | Hacking web intelligence : |
| Remainder of title | open source intelligence and web reconnaissance concepts and techniques / |
| Statement of responsibility, etc | Sudhanshu Chauhan, Nutan Kumar Panda. |
| 250 ## - EDITION STATEMENT | |
| Edition statement | 1st edition. |
| 260 ## - PUBLICATION, DISTRIBUTION, ETC. (IMPRINT) | |
| Place of publication, distribution, etc | Amsterdam : |
| Name of publisher, distributor, etc | Elsevier, |
| Date of publication, distribution, etc | 2015. |
| 263 ## - PROJECTED PUBLICATION DATE | |
| Projected publication date | 1505 |
| 300 ## - PHYSICAL DESCRIPTION | |
| Extent | xvii, 281pages ; |
| Dimensions | 24 cm. |
| 500 ## - GENERAL NOTE | |
| General note | Includes index. |
| 906 ## - LOCAL DATA ELEMENT F, LDF (RLIN) | |
| a | 0 |
| b | ibc |
| c | orignew |
| d | 2 |
| e | epcn |
| f | 20 |
| g | y-gencatlg |
| 942 ## - ADDED ENTRY ELEMENTS (KOHA) | |
| Source of classification or shelving scheme | Library of Congress Classification |
| Koha item type | Books |
| Withdrawn status | Lost status | Source of classification or shelving scheme | Damaged status | Home library | Current library | Shelving location | Date acquired | Source of acquisition | Cost, normal purchase price | Sub Shelving location | Total Checkouts | Total Renewals | Full call number | Barcode | Date last seen | Date checked out | Price effective from | Koha item type |
|---|---|---|---|---|---|---|---|---|---|---|---|---|---|---|---|---|---|---|
| Library of Congress Classification | College Library | College Library | Graduate Section | 06/02/2016 | Library Fund | 5696.00 | 2 | 2 | TK 5105.59 .C496 2015 | C20583 | 05/15/2018 | 09/15/2016 | 06/02/2016 | Books |